| Record ID | ia:deepplayclimbing0000prit |
| Source | Internet Archive |
| Download MARC XML | https://archive.org/download/deepplayclimbing0000prit/deepplayclimbing0000prit_marc.xml |
| Download MARC binary | https://www.archive.org/download/deepplayclimbing0000prit/deepplayclimbing0000prit_meta.mrc |
LEADER: 01012nam a22003131a 4500
001 016177654
003 Uk
005 20180217214300.0
008 120924s2012 enka 000 0aeng|d
015 $aGBB297383$2bnb
016 7 $a016177654$2Uk
020 $a9781906148584 (pbk.) :$c£12.99
020 $a1906148589 (pbk.) :$c£12.99
040 $aStDuBDS$beng$cStDuBDS$dUk
042 $aukblsr
082 04 $a796.5223092$223
100 10 $aPritchard, Paul,$d1967-
245 10 $aDeep play :$bclimbing the world's most dangerous routes /$cPaul Pritchard ; foreword by John Middendorf.
250 $a2nd ed.
260 $aSheffield :$bVertebrate,$c2012.
300 $a1 v. :$bcol. ill. ;$c24 cm.
336 $atext$2rdacontent
337 $aunmediated$2rdamedia
338 $avolume$2rdacarrier
500 $aPrevious ed.: London: Bâton Wicks, 1997.
500 $aFormerly CIP.$5Uk
600 10 $aPritchard, Paul,$d1967-
650 0 $aMountaineers$zGreat Britain$vBiography.
650 0 $aRock climbing$zGreat Britain.